| 000 | 00545nam a2200205 a 4500 | ||
|---|---|---|---|
| 001 | 18432 | ||
| 003 | CO-ViMGA | ||
| 008 | 141112s2004 ck r 000 u spa d | ||
| 020 | _a9706860258 | ||
| 040 |
_aCO-ViMGA _bspa _cCO-ViMGA |
||
| 082 | 0 | 4 | _a302.2242 V373c |
| 100 | 1 |
_aVerderber, Rudolf _926254 |
|
| 245 | 1 | 0 | _aComunicación oral efectiva |
| 260 |
_aMexico, _cThomson, _c2000 |
||
| 300 | _a368.p. | ||
| 590 | _aForma de adquisición : Premio - Mincultura | ||
| 650 | 1 | 4 |
_aCOMUNICACION ORAL _922082 |
| 650 | 1 | 4 | _aORATORIA |
| 942 |
_2ddc _cBK |
||
| 999 |
_c27730 _d27730 |
||